000
00307pab a2200133 454500
008
180718b1988 xxu||||| |||| 00| 0 eng d
245
_a
Urbanisation and slums in India
260
_c
1988
300
_a
4-69
362
_a
Dec.
650
_a
Urbanisation - India
773
_a
Social Change
909
_a
20195
999
_c
20195
_d
20195